| 000 | 00515nam a2200169Ia 4500 | ||
|---|---|---|---|
| 008 | 100122s9999 xx 000 0 und d | ||
| 082 |
_b73446 _a150 |
||
| 100 | _aभुर्के श्याम | ||
| 245 | _aद माईंड जिम | ||
| 250 | _a1 | ||
| 260 |
_bमेहता पब्लिशिंग हाऊस _c2008 |
||
| 300 | _a154 | ||
| 630 | _aद माईंड जिम | ||
| 700 | _aभुर्के श्याम | ||
| 730 | _aद माईंड जिम | ||
| 942 | _cBOOK | ||
| 999 |
_c389574 _d389571 |
||